| 000 | 00515nam a2200181Ia 4500 | ||
|---|---|---|---|
| 008 | 240925s9999 xx 000 0 und d | ||
| 020 | _a8176565407 | ||
| 082 | _a005.133 PET | ||
| 100 | _aPetroutsos, Evangelos | ||
| 245 | 0 | _aMastering Visual Basic 6 | |
| 250 | _aNA | ||
| 260 |
_aNew Delhi: _bAPH Publishing Corporation _c,1998. |
||
| 300 |
_axxvii,785p. _bNA _fOriginal |
||
| 500 | _aIncludes Index | ||
| 600 | _aEngineering Technology | ||
| 650 | _aComputer science, information & general works | ||
| 942 | _cBK | ||
| 999 |
_c6262 _d6262 |
||